000 01145aas a2200229 4500
999 _c53772
_d53772
001 768714001
003 CO-MdFUSB
005 20171114103818.0
008 170804s1997 xxu||||| |||| 00| 0 eng d
022 _a0098-9444
040 _aCO-MdFUSB
_bspa
_cCO-MdFUSB
_dCO-MdFUSB
041 _aspa
100 _aShanks, Hershel
_eautor
242 1 1 _aPicasso y publicación :
_b¿por qué está bien recolectar uno pero no el otro?
245 1 0 _aPicasso and post :
_bwhy is it all right to collect one but not the other?
_c/ Hershel Shanks
300 _aVolumen 23. Número 3 (1997), página 6
_c: 28 cm.
520 1 _a¿Debe una pintura picasso importante estar en una colección privada? ¿No es un elemento importante de nuestro patrimonio artístico? ¿No debería pertenecernos a todos nosotros, apreciar un disfrute y aprender de, en lugar de pertenecer a un único individuo privado? En resumen, ¿no debería estar en un museo público?
546 _aTexto en inglés
650 7 _9403
_aExcavaciones arqueológicas
773 0 _tBiblical Archaeology Review
_049395
_959490
_gVolumen 23. Número 3 (1997), página 6
_qPágina 6
942 _cANA